000 00437nam a2200193Ia 4500
008 210210b1929 xxu||||| |||| 00| 0 eng d
041 _aeng
082 _a829/730
100 _aMARSDEN (A)
245 _aMarch of the ten thousand
260 _aMadras
_bIndian Publishing Haus
_c1929
650 _athousand
650 _athe
650 _aten
650 _aof
650 _aMarch
690 _aEnglish Fiction
906 _a017329
999 _c137287
_d137287